Catálogo
 En Linea

América contra Trujillo: (Registro nro. 57327)

Detalles MARC
000 -CABECERA
campo de control de longitud fija 01232nam a2200289 i 4500
003 - IDENTIFICADOR DEL NÚMERO DE CONTROL
campo de control DO-SdBNP
005 - FECHA Y HORA DE LA ÚLTIMA TRANSACCIÓN
campo de control 20250623123401.0
006 - CÓDIGOS DE INFORMACIÓN DE LONGITUD FIJA--CARACTERÍSTICAS DEL MATERIAL ADICIONAL
campo de control de longitud fija a||||gr|||| 00| 0
007 - CAMPO FIJO DE DESCRIPCIÓN FÍSICA--INFORMACIÓN GENERAL
campo de control de longitud fija ta
008 - DATOS DE LONGITUD FIJA--INFORMACIÓN GENERAL
campo de control de longitud fija 240722t2011 dr ||||| |||| 00| e spa d
020 ## - NÚMERO INTERNACIONAL ESTÁNDAR DEL LIBRO
Número Internacional Estándar del Libro 9789945469783
040 ## - FUENTE DE LA CATALOGACIÓN
Centro catalogador/agencia de origen DO-SdBNP
Lengua de catalogación spa
Centro/agencia transcriptor BNPHU
Normas de descripción rda
082 #4 - NÚMERO DE LA CLASIFICACIÓN DECIMAL DEWEY
Número de edición 22
Número de documento/Ítem A512c
245 00 - MENCIÓN DE TÍTULO
Título América contra Trujillo:
Resto del título (documentos políticos) /
Mención de responsabilidad, etc. editor; León Félix Batista, Asesor, Bernardo Vega.
264 #4 - PRODUCCIÓN, PUBLICACIÓN, DISTRIBUCIÓN, FABRICACIÓN Y COPYRIGHT
Producción, publicación, distribución, fabricación y copyright Santo Domigo :
Nombre del de productor, editor, distribuidor, fabricante Editorial Nacional,
Fecha de producción, publicación, distribución, fabricación o copyright ©2011
300 ## - DESCRIPCIÓN FÍSICA
Extensión 208 páginas :
Dimensiones 23 cm.
336 ## - TIPO DE CONTENIDO
Fuente rdamedia
Término de tipo de contenido sin mediación
Código de tipo de contenido n
337 ## - TIPO DE MEDIO
Fuente rdamedia
Nombre/término del tipo de medio sin mediación
Código del tipo de medio n
338 ## - TIPO DE SOPORTE
Fuente rdacarrier
Nombre/término del tipo de soporte volumen
Código del tipo de soporte nc
490 0# - MENCIÓN DE SERIE
Mención de serie 30 de Mayo: Puerta a la Libertad.
505 ## - NOTA DE CONTENIDO CON FORMATO
Nota de contenido con formato América Contra Trujillo.
Título El Mundo y Trujillo.--
-- Hombres Libres de América Frente a Trujillo.--
-- La Situación Política y Económica de la República Dominicana.--
-- Los Enemigos de la Revolución Dominicana.--
-- Una Humilde Contribución a la Justa Causa Dominicana.
590 ## - NOTA LOCAL (RLIN)
Nota local Inventariado 2024 / MF
650 #4 - PUNTO DE ACCESO ADICIONAL DE MATERIA--TÉRMINO DE MATERIA
Término de materia o nombre geográfico como elemento de entrada Dictadura de Trujillo
9 (RLIN) 85510
Subdivisión geográfica República Dominicana
700 1# - PUNTO DE ACCESO ADICIONAL--NOMBRE DE PERSONA
Nombre de persona Batista, León Félix,
Fechas asociadas al nombre 1964-
9 (RLIN) 12031
Término indicativo de función/relación editor
700 #2 - PUNTO DE ACCESO ADICIONAL--NOMBRE DE PERSONA
Nombre de persona Vega, Bernardo,
Fechas asociadas al nombre 1938 -
9 (RLIN) 3222
942 ## - ELEMENTOS DE PUNTO DE ACCESO ADICIONAL (KOHA)
Fuente del sistema de clasificación o colocación Dewey Decimal Classification
Tipo de ítem Koha Libro
Existencias
Estado de retiro Estado de pérdida Fuente del sistema de clasificación o colocación Restricciones de uso No para préstamo Código de colección Localización permanente Ubicación/localización actual Ubicación en estantería Fecha de adquisición Fuente de adquisición Total de préstamos Signatura topográfica completa Código de barras Fecha visto por última vez Precio válido a partir de Tipo de ítem Koha
    Dewey Decimal Classification Excluido de préstamo   Patrimonio Dominicano Biblioteca Nacional Pedro Henríquez Ureña Biblioteca Nacional Pedro Henríquez Ureña En catalogación 22.07.2023 Pertenció a la biblioteca de Emilio Cordero Michel / Presidencia de la República Dominicana   A512c 2024-4517 22.07.2024 22.07.2024 Libro

Con tecnología Koha